000 00389 a2200145 4500
999 _c3657
_d3657
020 _a9788189005313
050 _aLB 1570 RAO 2010
100 _aRao, Vinay
_eAuthor
245 _aCurriculum development /
_cVinay Rao
264 _aNew Delhi:
_bSaurabh Publishing House,
_c2010
300 _a302p.
500 _aNo index
650 _aCurriculum development
942 _2lcc
_cBK
_h1570
_iRAO
_kLB